<?xml version="1.0" encoding="UTF-8"?>
<collection xmlns="http://www.loc.gov/MARC21/slim">
<record>
  <controlfield tag="001">142846</controlfield>
  <controlfield tag="005">20240827155816.0</controlfield>
  <datafield tag="037" ind1=" " ind2=" ">
    <subfield code="a">GDOC-2022-30200</subfield>
  </datafield>
  <datafield tag="970" ind1=" " ind2=" ">
    <subfield code="a">GDOC-2022-30200</subfield>
  </datafield>
  <datafield tag="041" ind1=" " ind2=" ">
    <subfield code="a">spa</subfield>
  </datafield>
  <datafield tag="041" ind1=" " ind2=" ">
    <subfield code="a">eng</subfield>
  </datafield>
  <datafield tag="540" ind1=" " ind2=" ">
    <subfield code="a">by-nc-sa</subfield>
    <subfield code="b">Creative Commons</subfield>
    <subfield code="c">3.0</subfield>
    <subfield code="u">http://creativecommons.org/licenses/by-nc-sa/3.0/</subfield>
  </datafield>
  <datafield tag="260" ind1=" " ind2=" ">
    <subfield code="a">Zaragoza</subfield>
    <subfield code="b">Universidad de Zaragoza</subfield>
    <subfield code="c">2022-2023</subfield>
  </datafield>
  <datafield tag="245" ind1="0" ind2="0">
    <subfield code="9">30200</subfield>
    <subfield code="a">Introducción a los computadores</subfield>
  </datafield>
  <datafield tag="242" ind1="0" ind2="0">
    <subfield code="9">30200</subfield>
    <subfield code="a">Introduction to computers</subfield>
  </datafield>
  <datafield tag="100" ind1=" " ind2=" ">
    <subfield code="0">(orcid)0000-0003-2905-9949</subfield>
    <subfield code="a">Natalia Carmen Ayuso, Escuer</subfield>
    <subfield code="1">405657</subfield>
  </datafield>
  <datafield tag="700" ind1=" " ind2=" ">
    <subfield code="a">Javier Martínez, Cesteros</subfield>
    <subfield code="1">598118</subfield>
  </datafield>
  <datafield tag="700" ind1=" " ind2=" ">
    <subfield code="0">(orcid)0000-0001-7671-7540</subfield>
    <subfield code="a">Carlos Tomás Medrano, Sánchez</subfield>
    <subfield code="1">317332</subfield>
  </datafield>
  <datafield tag="700" ind1=" " ind2=" ">
    <subfield code="0">(orcid)0000-0001-7550-6688</subfield>
    <subfield code="a">Inmaculada Plaza, García</subfield>
    <subfield code="1">307800</subfield>
  </datafield>
  <datafield tag="700" ind1=" " ind2=" ">
    <subfield code="0">(orcid)0000-0001-8057-6533</subfield>
    <subfield code="a">Luis Manuel Ramos, Martínez</subfield>
    <subfield code="1">388007</subfield>
  </datafield>
  <datafield tag="700" ind1=" " ind2=" ">
    <subfield code="0">(orcid)0000-0002-7532-2720</subfield>
    <subfield code="a">Jesús Javier Resano, Ezcaray</subfield>
    <subfield code="1">520838</subfield>
  </datafield>
  <datafield tag="700" ind1=" " ind2=" ">
    <subfield code="0">(orcid)0000-0002-0824-5833</subfield>
    <subfield code="a">Alejandro Valero, Bresó</subfield>
    <subfield code="1">391560</subfield>
  </datafield>
  <datafield tag="700" ind1=" " ind2=" ">
    <subfield code="0">(orcid)0000-0002-5976-1352</subfield>
    <subfield code="a">Víctor Viñals, Yufera</subfield>
    <subfield code="1">388030</subfield>
  </datafield>
  <datafield tag="830" ind1=" " ind2=" ">
    <subfield code="9">443</subfield>
  </datafield>
  <datafield tag="830" ind1=" " ind2=" ">
    <subfield code="9">439</subfield>
  </datafield>
  <datafield tag="856" ind1="4" ind2=" ">
    <subfield code="s">12449</subfield>
    <subfield code="u">http://zaguan.unizar.es/record/142846/files/guia-30200-en.pdf</subfield>
    <subfield code="y">Guide (english)</subfield>
  </datafield>
  <datafield tag="856" ind1="4" ind2=" ">
    <subfield code="s">16960</subfield>
    <subfield code="u">http://zaguan.unizar.es/record/142846/files/guia-30200-es.pdf</subfield>
    <subfield code="y">Guía (idioma español)</subfield>
  </datafield>
  <datafield tag="521" ind1=" " ind2=" ">
    <subfield code="9">148</subfield>
    <subfield code="a">Graduado en Ingeniería Informática</subfield>
    <subfield code="b">Bachelor's Degree in Informatics Engineering</subfield>
  </datafield>
  <datafield tag="980" ind1=" " ind2=" ">
    <subfield code="a">GDOC</subfield>
    <subfield code="b">Engineering and Architecture</subfield>
    <subfield code="b">Ingeniería y Arquitectura</subfield>
    <subfield code="c">326</subfield>
    <subfield code="c">110</subfield>
  </datafield>
</record>
</collection>